Tình hình chiến sự qua những bức thư thời chiến từ tài liệu lưu trữ

محفوظ في:
التفاصيل البيبلوغرافية
المؤلف الرئيسي: Trần, Thị Vui
التنسيق: كتاب
اللغة:Undetermined
الموضوعات:
الوصول للمادة أونلاين:http://lrc.tdmu.edu.vn/opac/search/detail.asp?aID=2&ID=35021
الوسوم: إضافة وسم
لا توجد وسوم, كن أول من يضع وسما على هذه التسجيلة!
Thư viện lưu trữ: Trung tâm Học liệu Trường Đại học Thủ Dầu Một
LEADER 00648nam a2200145Ia 4500
001 TDMU_35021
008 210410s9999 xx 000 0 und d
082 |a 363.7 
100 |a Trần, Thị Vui 
245 0 |a Tình hình chiến sự qua những bức thư thời chiến từ tài liệu lưu trữ 
245 0 |c Trần Thị Vui 
300 |a Tr.53-57 
650 |a Lịch sử; Bức thư thời chiến; Tình hình chiến sự; Kháng chiến chống Mỹ 
856 |u http://lrc.tdmu.edu.vn/opac/search/detail.asp?aID=2&ID=35021 
980 |a Trung tâm Học liệu Trường Đại học Thủ Dầu Một